1621 1652 1479 1253 1206 1966 1180 1964 1175 1638 1536 1773 1813 1784 1537 1232 1263 1509 1426 1289 1929 1326 1185 1678 1327 1027 1559 1378 1802 1029 1983 1496 1145 1990 1768 1205 1534 1806 1821 1080 1800 1010 1907 1731 1551 1046 1022 1780 1548 1740 1047 1011 1475 1300 1301 1444 1487 1460 1844 1101 1952 1929 1691 1141 1477 1554 1825 1106 1383 1596 1786 1786 1495 1667 1436 1734 1916 1361 1369 1845 1383 1371 1965 1509 1884 1033 1145 1943 1063 1979 1377 1886 1373 1900 1750 1590 1143 1341 1438 BCNSPRNW ULIB Ver.6.0+V

เปลี่ยนเป็นภาษาไทย

Change to English
 แสดงรายละเอียดบรรณานุกรม
  กลับหน้าหลัก

Brief Record : Get Marc (ISO 2709) : E-mail record : QR code < ปิดหน้าต่าง
LEADER : 00000nam 2200000uu 4500
001    13399111554
003     ULIB
008    110627s||||||||th 000 0 tha d
090    นว.^bภ418T 2553
100 0  ภาคินัย
245 00 ตีตั๋วไปตาย = THEATER/^cภาคินัย
250    พิมพ์ครั้งที่ 1
260    กรุงเทพฯ :^bโซฟา,^c2553
300    240 หน้า
945    ^p185^l0^i028067
995    ทศพร
999 ^a ใช้งานได้ทุกระบบ
รายการนี้ยังไม่มีแท็ก
คุณยังไม่ได้ล็อกอิน คุณสามารถมีกิจกรรมร่วมกับเว็บไซต์ได้ แต่ต้องล็อกอินก่อน ::
  ล็อกอิน

รายการสื่อสารสนเทศ

ลำดับที่ ประเภท เลขเรียก/บาร์โค้ด สถานที่ สถานะ
1. นวนิยาย
นวนิยาย
นว. ภ418T 2553 ฉ.1 
  Barcode: 028067
ห้องสมุดวิทยาเขตสวรรค์ประชารักษ์
►นวนิยาย
บนชั้น
  ขอยืม

รายการใกล้เคียง
    ผู้แต่ง [ภาคินัย]

BibComment


ยังไม่เคยถูกคอมเมนท์

คอมเมนท์ทรัพยากรรายการนี้
  คอมเมนท์: ตีตั๋วไปตาย THEA..


 Copyright 2026. Bcnsprnw @Library